01072 2200385 4500001002100000005001500021007000300036008004100039020001800080035002000098040001600118041000800134082000800142084001400150090002200164100002400186245006800210250001000278264003600288300004300324336002100367337003000388338002300418500002800441504002500469650002400494850001000518990002200528990002300550990002300573990002300596990002300619990002300642990002100665INLIS00000000000457620260524082320ta260524 0  a979-007-000-4 a0010-0122000208 aSPBUPDbind aind a340 a340 SUP e a174.4 DJO k 1 2.80 aSupriadiePengarang1 aEtika Dan Tanggung Jawab Profesi Hukum Di Indonesia /cSupriadi aCet.1 aJakarta :bSinar Grafika,c2006 axii,340 hal. :biilus. ;c15,5 x 23 cm 2rdacontentaTeks 2rdamediaaTanpa Perantara 2rdacarrieravolume aProfile Penulis,339 hlm abibiliografi,337 hlm 4aEtika Profesi Hukum aPUPAD a4511/B/ARPUS/2008 a5293/BR/ARPUS/2007 a5294/BR/ARPUS/2007 a5295/BR/ARPUS/2007 a5296/BR/ARPUS/2007 a5297/BR/ARPUS/2007 a849/BR/KAPD-2011